[Event "Aeroflot Open A 2018"]
[Site "Moscow RUS"]
[Date "2018.02.27"]
[Round "8.28"]
[White "Esipenko, Andrey"]
[Black "Goryachkina, Aleksandra"]
[Result "1/2-1/2"]
[WhiteTitle "FM"]
[BlackTitle "WGM"]
[WhiteElo "2571"]
[BlackElo "2493"]
[WhiteFideId "24175439"]
[BlackFideId "4147103"]
[EventDate "2018.02.20"]

1. d4 d5 2. c4 c6 3. Nf3 Nf6 4. Nc3 e6 5. e3 Nbd7 6. Qc2 Bd6 7. b3 O-O 8. Be2 b6
9. O-O Bb7 10. Bb2 Qe7 11. Rad1 h6 12. e4 Nxe4 13. Nxe4 dxe4 14. Qxe4 Nf6 15.
Qh4 Rad8 16. Bd3 Ba3 17. Ba1 Bb4 18. Ne5 Rfe8 19. Bc2 Nd7 20. Qe4 f5 21. Qe2
Nxe5 22. Qxe5 Bd6 23. Qe2 Qg5 24. c5 bxc5 25. dxc5 Bxc5 26. Rxd8 Qxd8 27. Bxg7
Kxg7 28. Qe5+ Kf7 29. Qxc5 Qd5 30. b4 Qxc5 31. bxc5 Ba6 32. Rd1 Bc4 33. Rd7+ Re7
34. Rxe7+ Kxe7 35. a3 Kf6 36. f4 e5 37. g3 exf4 38. gxf4 Ke6 39. Kf2 Kd5 40. Ke3
Kxc5 41. Bxf5 Bf7 42. Bb1 Kd6 43. Ke4 Bg6+ 44. f5 Bf7 45. Bc2 1/2-1/2

[Event "Aeroflot Open A 2018"]
[Site "Moscow RUS"]
[Date "2018.02.27"]
[Round "8.29"]
[White "Oparin, Grigoriy"]
[Black "Shinkevich, Vitaly"]
[Result "1-0"]
[WhiteTitle "GM"]
[BlackTitle "IM"]
[WhiteElo "2607"]
[BlackElo "2454"]
[WhiteFideId "24125890"]
[BlackFideId "4122690"]
[EventDate "2018.02.20"]

1. Nf3 Nf6 2. g3 g6 3. Bg2 Bg7 4. c4 O-O 5. Nc3 d5 6. cxd5 Nxd5 7. h4 Nc6 8. h5
Bf5 9. hxg6 hxg6 10. Nxd5 Qxd5 11. d3 Qb5 12. a4 Qb4+ 13. Kf1 Rad8 14. Rh4 Qd6
15. Bg5 a5 16. Qd2 Rfe8 17. Rc1 Nb4 18. Bh3 Bxd3 19. exd3 Nxd3 20. Rc2 Qd5 21.
Bg2 Qa2 22. Rxc7 Qb1+ 23. Ke2 Nb4 24. Rd7 Rc8 25. Ne1 Bxb2 26. Be4 Qa2 27. Kf1
Bf6 28. Qxa2 Nxa2 29. Bxf6 1-0

[Event "Aeroflot Open A 2018"]
[Site "Moscow RUS"]
[Date "2018.02.27"]
[Round "8.30"]
[White "Triapishko, Alexandr"]
[Black "Indjic, Aleksandar"]
[Result "0-1"]
[WhiteTitle "IM"]
[BlackTitle "GM"]
[WhiteElo "2530"]
[BlackElo "2612"]
[WhiteFideId "14122286"]
[BlackFideId "911925"]
[EventDate "2018.02.20"]

1. Nf3 d5 2. g3 g6 3. Bg2 Bg7 4. d4 Nf6 5. O-O O-O 6. c3 c6 7. Nbd2 Bf5 8. Nh4
Be6 9. f4 Qc8 10. e4 Nxe4 11. Nxe4 dxe4 12. Bxe4 Bh3 13. Re1 Nd7 14. Bg2 Bxg2
15. Kxg2 e6 16. Be3 a5 17. Nf3 a4 18. Ne5 Nf6 19. Qf3 Nd5 20. Bf2 b5 21. a3 Ra7
22. Nd3 Rd7 23. g4 Nb6 24. Re2 Nc4 25. Rf1 Bf6 26. Rfe1 Kg7 27. h4 Rh8 28. h5
gxh5 29. g5 Be7 30. f5 Bxg5 31. fxe6 fxe6 32. Nc5 Rg8 33. Nxd7 Qxd7 34. Kh1 Qd5
35. Qxd5 exd5 36. Re6 Rc8 37. R1e2 Kf7 38. Kg2 h6 39. Kh3 Nxb2 40. Bh4 Nd3 41.
Bxg5 hxg5 42. Re7+ Kf6 43. R2e6+ Kf5 44. Kg3 c5 45. Rd6 cxd4 46. cxd4 h4+ 47.
Kf3 Rf8 48. Ra6 h3 49. Kg3 Rh8 50. Re2 Rh4 51. Ra8 Rg4+ 52. Kh2 Rxd4 53. Rf8+
Kg4 54. Re3 Nf4 55. Rg3+ Kh5 56. Rh8+ Kg6 57. Rg8+ Kf6 58. Rf8+ Ke7 59. Rb8 Rd2+
60. Kh1 Kf6 61. Rf8+ Ke5 62. Rxg5+ Ke4 63. Rg3 Nd3 64. Rg4+ Ke3 65. Rg3+ Kd4 66.
Rb8 Kc4 67. Rc8+ Kb3 68. Rb8 Kc4 69. Rc8+ Kd4 70. Rb8 Nf2+ 71. Kg1 h2+ 72. Kxh2
Ne4+ 73. Rg2 Rxg2+ 74. Kxg2 Nc3 75. Kf2 Kd3 76. Rd8 d4 77. Ke1 Nb1 78. Rh8 Kc3
79. Rc8+ Kd3 80. Rh8 Kc2 81. Rh2+ Kb3 82. Ke2 Kxa3 83. Kd3 Kb3 84. Kxd4 Nc3 85.
Kc5 a3 86. Rh4 a2 87. Rh1 b4 88. Ra1 Ka3 89. Kc4 b3 90. Rh1 b2 0-1

[Event "Aeroflot Open A 2018"]
[Site "Moscow RUS"]
[Date "2018.02.27"]
[Round "8.31"]
[White "Svane, Rasmus"]
[Black "Repka, Christopher"]
[Result "1/2-1/2"]
[WhiteTitle "GM"]
[BlackTitle "IM"]
[WhiteElo "2586"]
[BlackElo "2513"]
[WhiteFideId "4657101"]
[BlackFideId "14918781"]
[EventDate "2018.02.20"]

1. d4 e6 2. c4 g6 3. Nc3 Bg7 4. Nf3 Ne7 5. Bf4 d6 6. h4 h6 7. Qd2 Nd7 8. O-O-O
b6 9. e4 Bb7 10. Be2 e5 11. Be3 exd4 12. Nxd4 Nc5 13. h5 g5 14. Bg4 Nd7 15. Nd5
Ne5 16. Be2 Bc8 17. f4 gxf4 18. Bxf4 Bd7 19. g4 Nxd5 20. exd5 Bf6 21. Nf3 Nxf3
22. Bxf3 Bg5 23. Rde1+ Kf8 24. Re4 Qf6 25. Bxg5 hxg5 26. Rf1 Re8 27. Rxe8+ Kxe8
28. Rf2 Qg7 29. Kc2 Kd8 30. Qc3 Qxc3+ 31. Kxc3 f5 32. gxf5 Bxf5 33. Be2 Bh3 34.
Rf6 g4 35. Rg6 Rxh5 36. Bxg4 1/2-1/2

[Event "Aeroflot Open A 2018"]
[Site "Moscow RUS"]
[Date "2018.02.27"]
[Round "8.32"]
[White "Karavade, Eesha"]
[Black "Kulaots, Kaido"]
[Result "0-1"]
[WhiteTitle "IM"]
[BlackTitle "GM"]
[WhiteElo "2386"]
[BlackElo "2582"]
[WhiteFideId "5012600"]
[BlackFideId "4500261"]
[EventDate "2018.02.20"]

1. d4 Nf6 2. c4 e6 3. Nc3 Bb4 4. Qc2 d6 5. Nf3 Nbd7 6. Bd2 O-O 7. a3 Bxc3 8.
Bxc3 Qe7 9. e4 e5 10. d5 a5 11. b4 axb4 12. axb4 Rxa1+ 13. Bxa1 c5 14. b5 Nh5
15. Nd2 Ndf6 16. g3 Ng4 17. Be2 f5 18. Bxg4 fxg4 19. Qc3 Bd7 20. Bb2 Nf6 21. O-O
h6 22. Qe3 Qe8 23. Bc3 Qg6 24. Ba5 Nh7 25. Bc7 Ng5 26. h4 Nf3+ 27. Kg2 Nxd2 28.
Qxd2 Qxe4+ 29. Kg1 Rf6 30. Qa2 Bf5 31. Qb3 Qe2 32. Bd8 Bd3 33. Qd1 Qxf1+ 34.
Qxf1 Bxf1 35. Bxf6 gxf6 36. Kxf1 Kf7 37. Ke2 Kg6 38. Ke3 Kf5 39. Kd3 e4+ 40. Ke3
Ke5 41. h5 b6 0-1

[Event "Aeroflot Open A 2018"]
[Site "Moscow RUS"]
[Date "2018.02.27"]
[Round "8.33"]
[White "Sarana, Alexey"]
[Black "Mikaelyan, Arman"]
[Result "1/2-1/2"]
[WhiteTitle "GM"]
[BlackTitle "GM"]
[WhiteElo "2577"]
[BlackElo "2486"]
[WhiteFideId "24133795"]
[BlackFideId "13304852"]
[EventDate "2018.02.20"]

1. Nf3 d5 2. d4 Nf6 3. Bf4 c5 4. e3 Nc6 5. Nbd2 e6 6. c3 Bd6 7. Bg3 O-O 8. Bb5
Be7 9. Bd3 b6 10. Ne5 Bb7 11. f4 c4 12. Bc2 b5 13. a3 a5 14. O-O g6 15. Bh4 Ne8
16. Nxc6 Bxc6 17. Bxe7 Qxe7 18. e4 dxe4 19. Nxe4 Nd6 20. Qe2 Nxe4 21. Bxe4 Qb7
22. Bxc6 Qxc6 23. h4 Rfd8 24. Rf3 b4 25. axb4 axb4 26. Rxa8 Rxa8 27. cxb4 Rb8
28. b3 Rxb4 29. Rc3 Rxb3 30. Rxc4 Qa6 31. Qc2 Qa1+ 32. Kh2 Rb1 33. Qc3 Rh1+ 34.
Kg3 Qg1 35. d5 Qh2+ 36. Kf2 Qxh4+ 37. Ke2 Qg4+ 38. Kf2 Qh4+ 39. Ke2 e5 40. fxe5
Re1+ 41. Qxe1 Qxc4+ 42. Kf2 Qxd5 43. Qe3 h5 44. Qf4 Kf8 45. Qg5 Ke8 46. Ke3 Kd7
47. Qf4 Qc5+ 48. Kd2 Qe7 49. Kd3 Qa3+ 50. Ke2 Qa2+ 51. Kf3 Qb3+ 52. Kf2 Qe6 53.
Kg1 Kc6 54. Qd4 Qd5 55. Qf4 Kc5 56. Kh1 Qe6 57. Qd2 Qe7 58. Qe3+ Kd5 59. Qf4 Qe6
60. Kg1 Qf5 61. Qe3 Ke6 62. Qc5 Qxe5 63. Qc8+ Ke7 64. Qg8 Qe1+ 65. Kh2 Qh4+ 66.
Kg1 Qg3 67. Qh8 h4 68. Kh1 Qf4 69. Qa1 Ke6 70. Qh8 Kf5 71. Qc8+ Kg5 72. Qd8+ Qf6
73. Qd2+ Kh5 74. Qc1 g5 75. Qc5 Kg6 76. Qf8 Kh7 77. Qc5 Kg7 78. Qc4 Qe5 79. Qc8
Qd4 80. Qf5 f6 81. Qc8 Qa7 82. Kh2 Qe7 83. Kh1 Qe1+ 84. Kh2 Qe5+ 85. Kh1 f5 86.
Qd7+ Kg6 87. Qc6+ Kh5 88. Qd7 Qe4 89. Kh2 Qe5+ 90. Kh1 Kg6 91. Qc6+ Qf6 92. Qe8+
Kh6 93. Qd7 g4 94. Qd2+ Kg6 95. Qe1 Kg7 96. Qc1 h3 97. gxh3 Qh4 98. Qc3+ Kg6 99.
Kg2 gxh3+ 100. Qxh3 Qxh3+ 101. Kxh3 1/2-1/2

[Event "Aeroflot Open A 2018"]
[Site "Moscow RUS"]
[Date "2018.02.27"]
[Round "8.34"]
[White "Abdusattorov, Nodirbek"]
[Black "Vavulin, Maksim"]
[Result "1-0"]
[WhiteTitle "IM"]
[BlackTitle "IM"]
[WhiteElo "2516"]
[BlackElo "2575"]
[WhiteFideId "14204118"]
[BlackFideId "4169530"]
[EventDate "2018.02.20"]

1. d4 Nf6 2. c4 e5 3. dxe5 Ng4 4. Bf4 g5 5. Bg3 Bg7 6. Nf3 Nc6 7. Nc3 Ngxe5 8.
Nxe5 Nxe5 9. e4 d6 10. h4 g4 11. h5 c6 12. c5 dxc5 13. Qxd8+ Kxd8 14. Bh4+ Kc7
15. h6 Bf8 16. Bf6 Ng6 17. Bxh8 Nxh8 18. Bd3 Ng6 19. e5 Bd7 20. O-O-O Be7 21.
Rde1 Re8 22. g3 b5 23. Rh5 Bf6 24. Re2 Bh8 25. e6 Bxe6 26. Rxc5 a6 27. Rh5 Rd8
28. Bb1 Bc4 29. Rd2 Re8 30. a3 a5 31. Bf5 Ne5 32. Ne4 Nd3+ 33. Kc2 Nxb2 34. Bxh7
b4 35. axb4 axb4 36. Nc5 Bc3 37. Rd7+ Kb8 38. Be4 Bh8 39. Rb7+ Ka8 40. Rxb4 1-0

[Event "Aeroflot Open A 2018"]
[Site "Moscow RUS"]
[Date "2018.02.27"]
[Round "8.35"]
[White "Narayanan, S.L."]
[Black "Salomon, Johan"]
[Result "1/2-1/2"]
[WhiteTitle "GM"]
[BlackTitle "GM"]
[WhiteElo "2573"]
[BlackElo "2503"]
[WhiteFideId "5058422"]
[BlackFideId "1509500"]
[EventDate "2018.02.20"]

1. d4 Nf6 2. c4 e6 3. Nf3 d5 4. Nc3 Bb4 5. Bg5 h6 6. Bxf6 Qxf6 7. e3 O-O 8. Rc1
dxc4 9. Bxc4 c5 10. O-O cxd4 11. Ne4 Qe7 12. a3 Ba5 13. Qxd4 Rd8 14. Qe5 Bb6 15.
g4 Nd7 16. Qg3 Nf6 17. Nxf6+ gxf6 18. Qf4 Kg7 19. Bb5 Bd7 20. Bxd7 Qxd7 21. h4
Qd6 22. Qxd6 Rxd6 23. Rfd1 Rxd1+ 24. Rxd1 Rc8 25. Kg2 Rc4 26. Kh3 Rc2 27. Rd2
Rxd2 28. Nxd2 f5 29. gxf5 exf5 30. Kg3 Kf6 31. a4 h5 32. Kf3 Bd8 33. Nf1 Kg6 34.
Kg3 Bc7+ 35. Kf3 Bd8 36. Kg3 Bc7+ 37. Kf3 Bd8 1/2-1/2

[Event "Aeroflot Open A 2018"]
[Site "Moscow RUS"]
[Date "2018.02.27"]
[Round "8.36"]
[White "Xu, Yinglun"]
[Black "Gholami, Aryan"]
[Result "1/2-1/2"]
[WhiteTitle "GM"]
[BlackTitle "IM"]
[WhiteElo "2538"]
[BlackElo "2489"]
[WhiteFideId "8604940"]
[BlackFideId "12513342"]
[EventDate "2018.02.20"]

1. d4 Nf6 2. c4 g6 3. Nc3 d5 4. Qb3 dxc4 5. Qxc4 Bg7 6. e4 O-O 7. Be2 a6 8. Bf4
b5 9. Qxc7 Qxc7 10. Bxc7 Nc6 11. d5 Nd4 12. Bd3 b4 13. Na4 Bd7 14. Nb6 Bb5 15.
Rd1 Ra7 16. Be5 Bxd3 17. Rxd3 Nc2+ 18. Ke2 Nxe4 19. Nf3 Nc5 20. Rd2 b3 21. axb3
Nb4 22. Bc3 a5 23. Nd4 Ra6 24. Bxb4 axb4 25. Na4 Ne4 26. Rd3 Rd6 27. Nc2 Rb8 28.
Ne3 Rb5 29. Rc1 Bh6 30. Rc7 Bxe3 31. Rxe3 Nf6 32. Rexe7 Rbxd5 33. Rc2 Kf8 34.
Re3 Ng4 35. Re4 f5 36. Rxb4 Re6+ 37. Kf3 Rd3+ 38. Kf4 Nf6 39. Nc5 Nd5+ 40. Kg5
Nxb4 41. Nxe6+ Kf7 42. Nf4 Rd7 43. Rc4 Nd3 44. Nxd3 Rxd3 45. Rc7+ Ke6 46. Rxh7
Rd2 47. Kxg6 Rxf2 48. g3 Rxb2 49. Rf7 Rxh2 50. Rxf5 Rh8 51. Rf6+ Ke5 52. Kg7 Rh3
53. g4 Rg3 54. Rf5+ Ke4 55. Rg5 Kf4 56. Rc5 Rxg4+ 57. Kf6 Ke3 58. Rc3+ Kd2 59.
Rc4 Rg8 1/2-1/2

[Event "Aeroflot Open A 2018"]
[Site "Moscow RUS"]
[Date "2018.02.27"]
[Round "8.37"]
[White "Praggnanandhaa, R"]
[Black "Nihal, Sarin"]
[Result "1/2-1/2"]
[WhiteTitle "IM"]
[BlackTitle "IM"]
[WhiteElo "2507"]
[BlackElo "2532"]
[WhiteFideId "25059530"]
[BlackFideId "25092340"]
[EventDate "2018.02.20"]

1. e4 e5 2. Nf3 Nc6 3. Bc4 Bc5 4. c3 Nf6 5. d3 O-O 6. Bg5 h6 7. Bh4 Be7 8. Nbd2
d6 9. a4 g6 10. a5 a6 11. Nf1 Kg7 12. Ne3 Ng8 13. Bxe7 Ngxe7 14. d4 f5 15. exf5
gxf5 16. dxe5 dxe5 17. Qxd8 Rxd8 18. g3 Kf6 19. Nd2 Be6 20. Bxe6 Kxe6 21. Ke2
Nd5 22. Nb3 b6 23. Rhd1 Nxe3 24. Kxe3 Rxd1 25. Rxd1 Nxa5 26. Nxa5 bxa5 27. Ra1
Rb8 28. Rxa5 Rxb2 29. Rxa6+ Kd5 30. c4+ 1/2-1/2

[Event "Aeroflot Open A 2018"]
[Site "Moscow RUS"]
[Date "2018.02.27"]
[Round "8.38"]
[White "Golubov, Saveliy"]
[Black "Liu, Yan"]
[Result "1/2-1/2"]
[WhiteTitle "IM"]
[BlackTitle "IM"]
[WhiteElo "2492"]
[BlackElo "2476"]
[WhiteFideId "24176729"]
[BlackFideId "8608962"]
[EventDate "2018.02.20"]

1. e4 c5 2. Na3 d6 3. c3 Nf6 4. g3 g6 5. Bg2 Bg7 6. f4 O-O 7. d3 Nc6 8. Nf3 Rb8
9. O-O b5 10. Nc2 b4 11. Ne3 bxc3 12. bxc3 Ng4 13. Nxg4 Bxg4 14. Bd2 Rb2 15. h3
Bxf3 16. Bxf3 Qa5 17. e5 Nd4 18. cxd4 Rxd2 19. Qb3 Qb4 20. Qxb4 cxb4 21. Rfd1
Rc2 22. Bd5 e6 23. Bb3 Rc3 24. Rac1 d5 25. Rxc3 bxc3 26. Rc1 Rc8 27. Bc2 Rc6 28.
Ba4 Rc7 29. Bc2 Bf8 30. Rb1 Ba3 31. Rb3 Bc1 32. Kf2 Kg7 33. a4 a5 34. Rb5 Ra7
35. Kf3 h5 36. Bb3 Bd2 37. Bc2 1/2-1/2

[Event "Aeroflot Open A 2018"]
[Site "Moscow RUS"]
[Date "2018.02.27"]
[Round "8.39"]
[White "Belyakov, Bogdan"]
[Black "Martirosyan, Haik M."]
[Result "1/2-1/2"]
[WhiteTitle "IM"]
[BlackTitle "GM"]
[WhiteElo "2486"]
[BlackElo "2586"]
[WhiteFideId "24104795"]
[BlackFideId "13306553"]
[EventDate "2018.02.20"]

1. e4 e6 2. d4 d5 3. Bd3 dxe4 4. Bxe4 Nf6 5. Bf3 c5 6. Ne2 Nc6 7. Be3 Be7 8.
Nbc3 cxd4 9. Nxd4 Ne5 10. Qe2 a6 11. O-O-O Qc7 12. g4 Nxf3 13. Qxf3 O-O 14. g5
Nd7 15. Kb1 Nb6 16. h4 Nc4 17. Bc1 b6 18. Rhg1 Bb7 19. Qe2 Rad8 20. h5 b5 21. g6
Qe5 22. h6 Qxe2 23. gxh7+ Kxh7 24. Rxg7+ Kh8 25. Ndxe2 Rxd1 26. Nxd1 Bf3 27.
Ndc3 b4 28. Rg3 bxc3 29. Rxf3 cxb2 30. Bxb2+ Nxb2 31. Kxb2 Kh7 32. c4 Kxh6 33.
Kc3 Kg7 34. Nf4 Rc8 35. Nd3 a5 36. Rg3+ Kf8 37. f4 Bf6+ 38. Ne5 Ke7 39. Kd4 Rd8+
40. Kc5 Rd2 41. Ra3 Bxe5 42. fxe5 f6 43. exf6+ Kxf6 44. Rxa5 e5 45. Ra8 Ke7 46.
a4 e4 47. Rh8 e3 48. Rh3 e2 49. Re3+ Kd7 50. a5 Ra2 51. a6 Rxa6 52. Rxe2 Kc7 53.
Re7+ Kc8 54. Kd5 Rh6 55. Re6 Rxe6 56. Kxe6 1/2-1/2

[Event "Aeroflot Open A 2018"]
[Site "Moscow RUS"]
[Date "2018.02.27"]
[Round "8.40"]
[White "Pichot, Alan"]
[Black "Pavlov, Sergey2"]
[Result "1-0"]
[WhiteTitle "GM"]
[BlackTitle "IM"]
[WhiteElo "2552"]
[BlackElo "2485"]
[WhiteFideId "110973"]
[BlackFideId "14114330"]
[EventDate "2018.02.20"]

1. e4 c5 2. Nf3 e6 3. d4 cxd4 4. Nxd4 Nf6 5. Nc3 Nc6 6. Ndb5 d6 7. Bf4 e5 8. Bg5
a6 9. Na3 b5 10. Bxf6 gxf6 11. Nd5 Bg7 12. c3 f5 13. Bd3 Be6 14. Nxb5 Bxd5 15.
exd5 Ne7 16. Na3 O-O 17. O-O e4 18. Bc2 Qb6 19. Qc1 Nxd5 20. Rd1 Qc5 21. Bb3 Ne7
22. Qg5 Ra7 23. Nc4 Rd7 24. Rd2 h6 25. Qe3 Qc6 26. Nb6 f4 27. Qh3 Ra7 28. Nd5
Ng6 29. Qf5 e3 30. Qxg6 Kh8 31. Qf5 1-0

[Event "Aeroflot Open A 2018"]
[Site "Moscow RUS"]
[Date "2018.02.28"]
[Round "9.1"]
[White "Sargissian, Gabriel"]
[Black "Kovalev, Vladislav"]
[Result "1/2-1/2"]
[WhiteTitle "GM"]
[BlackTitle "GM"]
[WhiteElo "2677"]
[BlackElo "2641"]
[WhiteFideId "13300881"]
[BlackFideId "13504398"]
[EventDate "2018.02.20"]

1. d4 Nf6 2. Nf3 g6 3. g3 Bg7 4. Bg2 c5 5. c3 Na6 6. O-O O-O 7. a3 b6 8. Ne5 d5
9. Be3 Bb7 10. Nd2 Nd7 11. f4 f6 12. Nef3 e6 13. g4 e5 14. f5 gxf5 15. gxf5 Qe7
16. dxe5 fxe5 17. Ng5 Nc7 1/2-1/2

[Event "Aeroflot Open A 2018"]
[Site "Moscow RUS"]
[Date "2018.02.28"]
[Round "9.2"]
[White "Artemiev, Vladislav"]
[Black "Lysyj, Igor"]
[Result "1/2-1/2"]
[WhiteTitle "GM"]
[BlackTitle "GM"]
[WhiteElo "2697"]
[BlackElo "2618"]
[WhiteFideId "24101605"]
[BlackFideId "4150120"]
[EventDate "2018.02.20"]

1. Nf3 d5 2. g3 c6 3. Bg2 Bg4 4. O-O Nd7 5. d4 e6 6. Nbd2 Ngf6 7. Re1 Bd6 8. e4
dxe4 9. Nxe4 Nxe4 10. Rxe4 Bh5 11. d5 Nf6 12. Bg5 Bg6 13. Re1 cxd5 14. Bxf6 gxf6
15. Qxd5 Qb6 16. Nd2 O-O 17. Qxb7 Qxb7 18. Bxb7 Rab8 19. Nc4 Be5 20. Nxe5 fxe5
21. Be4 Rxb2 22. Bxg6 hxg6 23. Rxe5 Rc8 24. a3 Rcxc2 25. Rf1 Rb3 1/2-1/2

[Event "Aeroflot Open A 2018"]
[Site "Moscow RUS"]
[Date "2018.02.28"]
[Round "9.3"]
[White "Petrosian, Tigran L."]
[Black "Korobov, Anton"]
[Result "1/2-1/2"]
[WhiteTitle "GM"]
[BlackTitle "GM"]
[WhiteElo "2589"]
[BlackElo "2664"]
[WhiteFideId "13301616"]
[BlackFideId "14105730"]
[EventDate "2018.02.20"]

1. d4 Nf6 2. Nf3 e6 3. c4 b6 4. g3 Ba6 5. b3 b5 6. c5 d6 7. cxd6 cxd6 8. Bg2
Nbd7 9. O-O Rc8 10. a3 Be7 11. Re1 Qc7 12. Nbd2 Qc2 13. Qxc2 Rxc2 14. e4 Bb7 15.
e5 Ng4 16. h3 Nh6 17. g4 O-O 18. Ne4 Bxe4 19. Rxe4 Rfc8 20. Bd2 Rb2 21. Bb4 d5
22. Re3 Kf8 23. Bf1 a6 24. Be1 Nb8 25. a4 bxa4 26. Rxa4 Rc6 27. Kg2 f5 28. exf6
gxf6 29. Rc3 Rxc3 30. Bxc3 Rxb3 31. Bd2 Nf7 32. Bxa6 Nxa6 33. Rxa6 Bd6 34. g5
Kg7 35. h4 Kg6 36. gxf6 h6 37. Be3 Rb7 38. Kh3 Kxf6 39. Bxh6 Nxh6 40. Rxd6 Rb3
41. Kg2 Nf5 42. Rd8 Rb4 43. h5 Nxd4 44. Rf8+ Kg7 45. Rf4 Nc6 1/2-1/2

[Event "Aeroflot Open A 2018"]
[Site "Moscow RUS"]
[Date "2018.02.28"]
[Round "9.4"]
[White "Bologan, Victor"]
[Black "Sethuraman, S.P."]
[Result "0-1"]
[WhiteTitle "GM"]
[BlackTitle "GM"]
[WhiteElo "2600"]
[BlackElo "2646"]
[WhiteFideId "13900048"]
[BlackFideId "5021596"]
[EventDate "2018.02.20"]

1. e4 e5 2. Nf3 Nc6 3. Bc4 Bc5 4. O-O Nf6 5. d3 O-O 6. Nbd2 d6 7. c3 Ne7 8. Re1
Ng6 9. Nf1 Bb6 10. Ng3 c6 11. Bb3 h6 12. h3 d5 13. exd5 Nxd5 14. d4 exd4 15.
Nxd4 Be6 16. Ne4 Bxd4 17. Qxd4 Ndf4 18. Qxd8 Rfxd8 19. Bc2 Bc4 20. Kh2 b6 21. a4
Bd3 22. Bb3 c5 23. Nd2 Ba6 24. Bc4 Bb7 25. f3 Bc6 26. Ne4 Ne5 27. Bxf4 Nxc4 28.
b4 cxb4 29. cxb4 Rd4 30. b5 Bxe4 31. Rxe4 Rxe4 32. fxe4 Re8 33. Rc1 Nb2 34. a5
Nd3 35. axb6 axb6 36. Rf1 Nxf4 37. Rxf4 Re5 38. Kg3 Rxb5 39. Rf2 Kf8 40. Ra2 Ke7
41. Ra7+ Ke6 42. h4 g6 43. Rb7 Rb2 44. Kf3 h5 45. g3 Rb1 46. Kg2 b5 47. Rb6+ Ke5
48. Rb7 b4 49. Rxf7 b3 50. Rb7 Kxe4 51. Rb6 Kd3 52. Rd6+ Kc4 53. Rxg6 Rd1 54.
Rc6+ Kb5 55. Rc8 Rd6 56. Rc1 Kb4 57. g4 0-1

[Event "Aeroflot Open A 2018"]
[Site "Moscow RUS"]
[Date "2018.02.28"]
[Round "9.5"]
[White "Tabatabaei, M.amin"]
[Black "Gordievsky, Dmitry"]
[Result "0-1"]
[WhiteTitle "IM"]
[BlackTitle "GM"]
[WhiteElo "2577"]
[BlackElo "2630"]
[WhiteFideId "12521213"]
[BlackFideId "24112798"]
[EventDate "2018.02.20"]

1. d4 Nf6 2. Nf3 d5 3. c4 c6 4. Nc3 e6 5. Bg5 Nbd7 6. cxd5 exd5 7. e3 Be7 8. Bd3
O-O 9. Qc2 Re8 10. h3 Nf8 11. Bf4 a6 12. Be5 Bd6 13. Bxd6 Qxd6 14. O-O Be6 15.
Rac1 Rad8 16. a3 Bc8 17. b4 Qe7 18. Na4 Ne4 19. Bxe4 dxe4 20. Nd2 Qh4 21. Nc5
Bxh3 22. gxh3 Rd6 23. Ndxe4 Rg6+ 24. Kh2 Rh6 25. Ng5 Qxg5 26. Rg1 Qe7 27. Rg3
Rd6 28. Rcg1 g6 29. Nd3 Nd7 30. f4 Qe4 31. Qd2 b6 32. Nf2 Qe6 33. Ng4 f5 34. Nf2
c5 35. bxc5 bxc5 36. d5 Rxd5 37. Qa2 Nf6 38. h4 Re5 39. Qc2 Rxe3 40. Qxc5 Re2
41. R1g2 Nh5 42. Rf3 Re3 43. Rxe3 Qxe3 44. Qc4+ Kg7 45. Nh3 Re7 46. Qb4 Rc7 47.
Qd2 Qxa3 48. Ng5 Kh6 49. Qd4 Qe7 50. Nf3 Qe4 51. Qxe4 fxe4 52. Ng5 e3 53. Re2
Re7 54. Nh3 Re4 55. Kg2 Nxf4+ 56. Nxf4 Rxf4 57. Rxe3 Rxh4 58. Ra3 Rc4 59. Rxa6
Kg5 60. Ra3 h5 61. Kh3 Rc5 62. Rg3+ Kh6 63. Ra3 Rc6 64. Rb3 g5 65. Rb8 Rc3+ 66.
Kh2 h4 67. Rh8+ Kg6 68. Rb8 Kh5 69. Rh8+ Kg4 70. Rc8 0-1

[Event "Aeroflot Open A 2018"]
[Site "Moscow RUS"]
[Date "2018.02.28"]
[Round "9.6"]
[White "Mamedov, Rauf"]
[Black "Aravindh, Chithambaram VR."]
[Result "1-0"]
[WhiteTitle "GM"]
[BlackTitle "GM"]
[WhiteElo "2709"]
[BlackElo "2617"]
[WhiteFideId "13401653"]
[BlackFideId "5072786"]
[EventDate "2018.02.20"]

1. c4 c5 2. g3 g6 3. Bg2 Bg7 4. Nc3 Nc6 5. Nf3 e6 6. d4 cxd4 7. Nb5 d5 8. cxd5
Qa5+ 9. Qd2 Qxb5 10. dxc6 Qb6 11. b3 Ne7 12. Ba3 Nxc6 13. Rc1 Qa5 14. Qxa5 Nxa5
15. Ng5 Bd7 16. Ne4 Bf8 17. Nd6+ Bxd6 18. Bxd6 Nc6 19. b4 a6 20. O-O f6 21. a4
Rc8 22. b5 axb5 23. axb5 Ne7 24. Bxb7 Rxc1 25. Rxc1 Bxb5 26. Rc7 Bd7 27. Ba6 Rg8
28. Bc5 e5 29. Rb7 Nc6 30. Bb5 e4 31. Rb6 Ne5 32. Re6+ Kd8 33. Bb6+ Kc8 34. Ba6+
Kb8 35. Rd6 d3 36. exd3 exd3 37. f4 Bc8 38. Bxc8 Nc4 39. Be6 Nxd6 40. Bxg8 Ne4
41. Kf1 Nc3 42. Ke1 1-0

[Event "Aeroflot Open A 2018"]
[Site "Moscow RUS"]
[Date "2018.02.28"]
[Round "9.7"]
[White "Jumabayev, Rinat"]
[Black "Matlakov, Maxim"]
[Result "1/2-1/2"]
[WhiteTitle "GM"]
[BlackTitle "GM"]
[WhiteElo "2614"]
[BlackElo "2709"]
[WhiteFideId "13702661"]
[BlackFideId "4168003"]
[EventDate "2018.02.20"]

1. Nf3 d5 2. g3 c6 3. Bg2 Nf6 4. d3 Bg4 5. Ne5 Bh5 6. c4 e6 7. Qb3 Nbd7 8. Nxd7
Qxd7 9. Nd2 a5 10. Nf3 Bb4+ 11. Kf1 Qe7 12. h3 a4 13. Qc2 h6 14. Kg1 O-O 15. Kh2
b5 16. a3 Bc5 17. cxd5 cxd5 18. Be3 Bxe3 19. fxe3 Rac8 20. Qd2 Bxf3 21. Bxf3 e5
22. Rac1 e4 23. Bg2 h5 24. Rhf1 Qe5 25. dxe4 Rxc1 26. Rxc1 dxe4 27. Qd4 Qb8 28.
Rc5 h4 29. Qe5 Qb6 30. Qg5 hxg3+ 31. Kxg3 b4 32. Kf2 bxa3 33. bxa3 Qb2 34. Ra5
Re8 35. Qb5 Qxa3 36. Qxa4 Qf8 37. Qa3 Qxa3 38. Rxa3 Nh5 39. Ra5 g6 40. Rxh5 gxh5
41. Kg3 f5 42. Kf4 Rf8 43. h4 Kg7 44. Bh3 Kf6 45. Bxf5 Rg8 46. Kxe4 Rg1 47. Bd7
Rh1 48. Kf3 Rxh4 49. e4 Rh1 50. Kg2 Rb1 51. e3 Rb7 52. Bf5 Rg7+ 53. Kh3 Rg1 54.
Kh4 Rg5 55. Bh7 Rg7 56. Bf5 Rg5 57. Bh7 Rg1 58. e5+ Kg7 59. Bf5 Kh6 60. e6 Rg7
61. e4 Re7 62. Bh3 Ra7 63. Bg2 Ra5 64. Bf3 Re5 65. e7 Rxe7 66. Bxh5 Rxe4+ 67.
Bg4 Rxg4+ 68. Kxg4 1/2-1/2

[Event "Aeroflot Open A 2018"]
[Site "Moscow RUS"]
[Date "2018.02.28"]
[Round "9.9"]
[White "Xu, Xiangyu"]
[Black "Sasikiran, Krishnan"]
[Result "1-0"]
[WhiteTitle "GM"]
[BlackTitle "GM"]
[WhiteElo "2545"]
[BlackElo "2671"]
[WhiteFideId "8608288"]
[BlackFideId "5004985"]
[EventDate "2018.02.20"]

1. d4 Nf6 2. Nf3 g6 3. g3 Bg7 4. Bg2 O-O 5. O-O d6 6. b3 Nc6 7. Bb2 Re8 8. c4 e5
9. dxe5 Nd7 10. Qc1 dxe5 11. Rd1 e4 12. Nd4 Nxd4 13. Bxd4 Bxd4 14. Rxd4 Qf6 15.
Qc3 e3 16. fxe3 Ne5 17. Nd2 Bf5 18. Rf1 Nc6 19. Bxc6 Qxc6 20. g4 Bc8 21. Rdf4 f5
22. gxf5 Bxf5 23. R1f3 Rf8 24. e4 Qc5+ 25. Kg2 Bd7 26. Rxf8+ Rxf8 27. Rxf8+ Qxf8
28. Qe5 Qd6 29. Qd5+ Kg7 30. e5 Qe7 31. Nf3 Bc6 32. Qd4 h6 33. Kg3 g5 34. h4
gxh4+ 35. Nxh4 Qg5+ 36. Kf2 Kf7 37. Nf3 Qf5 38. Qd8 Bxf3 39. Qxc7+ Ke8 40. exf3
Qc2+ 41. Kg3 Qg6+ 42. Kf4 Qg5+ 43. Ke4 Qg6+ 44. Kd4 Qg1+ 45. Kd5 Qg8+ 46. e6
Qg5+ 47. Qe5 Qd2+ 48. Ke4 Qe2+ 49. Kf4 Qxa2 1-0